| 000 | 00692nam a22002417c 4500 | ||
|---|---|---|---|
| 001 | 000030707 | ||
| 003 | RuMoIPM | ||
| 005 | 20260602105453.0 | ||
| 008 | 240221b1971 ru ||||| |||| 00| 0 rus d | ||
| 035 | _a(RuMoBEN) 002231166 | ||
| 040 |
_aRuMoBEN _brus _ercr |
||
| 041 | _arus | ||
| 044 | _aru | ||
| 080 | _a511.31 | ||
| 080 | _a511.34 | ||
| 080 | _a511.348 | ||
| 100 | _aВиноградов, Иван Матвеевич | ||
| 245 |
_aМетод тригонометрических сумм в теории чисел _cИ. М. Виноградов |
||
| 260 |
_aМосква _bНаука _c1971 |
||
| 300 | _a157, [2] с. | ||
| 504 | _aБиблиогр.: с. 159 | ||
| 942 | _cBK | ||
| 999 |
_c30707 _d30707 |
||